| 000 | 00398nam a2200169 i 4500 | ||
|---|---|---|---|
| 001 | bg | ||
| 245 | 0 | _aFiziceskaja elektronika. | |
| 250 | _aVyp. 10. | ||
| 260 |
_aL'vov : _bIzdat. "Viscaja Skola", _c1975. |
||
| 300 |
_as. 114 : _brys., tab. |
||
| 500 | _a[Alf. ros.]. | ||
| 040 | _cBPK | ||
| 041 | _apol | ||
| 080 | _a537+621.382 | ||
| 942 | _cKS | ||
| 008 | s pl f |000 0 pol | ||
| 999 |
_c16677 _d16677 |
||